000 00320nam a22001457a 4500
008 210518b ||||| |||| 00| 0 eng d
020 _a0155250019
041 _aeng
080 _22nd
_a33
082 _a33
100 _a52
101 _aEKO
245 _aThe Evolution of Economic Thought
_cOser,J
942 _2udc
_cBK
999 _c57448
_d57448